Maritime jurisdiction and admiralty law in india / (Record no. 10325)
[ view plain ]
| 000 -LEADER | |
|---|---|
| fixed length control field | 00623nam a22002297a 4500 |
| 003 - CONTROL NUMBER IDENTIFIER | |
| control field | IMU CC |
| 005 - DATE AND TIME OF LATEST TRANSACTION | |
| control field | 20260223120358.0 |
| 008 - FIXED-LENGTH DATA ELEMENTS--GENERAL INFORMATION | |
| fixed length control field | 251028b |||||||| |||| 00| 0 eng d |
| 020 ## - INTERNATIONAL STANDARD BOOK NUMBER | |
| International Standard Book Number | 9788131253861 |
| 040 ## - CATALOGING SOURCE | |
| Original cataloging agency | IMU CC |
| 041 0# - LANGUAGE CODE | |
| Language code of text/sound track or separate title | eng |
| 082 00 - DEWEY DECIMAL CLASSIFICATION NUMBER | |
| Edition number | 23 |
| Classification number | 343.096 |
| Item number | MAH |
| 100 ## - MAIN ENTRY--PERSONAL NAME | |
| Personal name | Mahanty, Samareshwar |
| 9 (RLIN) | 4456 |
| 245 10 - TITLE STATEMENT | |
| Title | Maritime jurisdiction and admiralty law in india / |
| Statement of responsibility, etc. | Samareshwar Mahanty |
| 250 ## - EDITION STATEMENT | |
| Edition statement | 2nd ed. |
| 260 ## - PUBLICATION, DISTRIBUTION, ETC. | |
| Place of publication, distribution, etc. | Gurgaon: |
| Name of publisher, distributor, etc. | LexisNexis, |
| Date of publication, distribution, etc. | 2024. |
| 300 ## - PHYSICAL DESCRIPTION | |
| Extent | xliv, 469 p.: |
| Dimensions | 24 cm. |
| 650 #0 - SUBJECT ADDED ENTRY--TOPICAL TERM | |
| Topical term or geographic name entry element | Maritime jurisdiction |
| 9 (RLIN) | 4457 |
| 650 #0 - SUBJECT ADDED ENTRY--TOPICAL TERM | |
| Topical term or geographic name entry element | Admiralty law |
| 9 (RLIN) | 4458 |
| 856 ## - ELECTRONIC LOCATION AND ACCESS | |
| Link text | BK |
| 942 ## - ADDED ENTRY ELEMENTS (KOHA) | |
| Koha item type | Books |
| Source of classification or shelving scheme | Dewey Decimal Classification |
| Withdrawn status | Lost status | Source of classification or shelving scheme | Damaged status | Not for loan | Home library | Current library | Shelving location | Date acquired | Source of acquisition | Cost, normal purchase price | Total Checkouts | Full call number | Barcode | Date last seen | Price effective from | Koha item type |
|---|---|---|---|---|---|---|---|---|---|---|---|---|---|---|---|---|
| Dewey Decimal Classification | IMU Chennai Uthandi Library | IMU Chennai Uthandi Library | General Stacks | 28/10/2025 | M/s.Sterling Book House; INV/4875 Dt.06.10.2025 | 1150.00 | 343.096 MAH | 23955 | 28/10/2025 | 28/10/2025 | Books | |||||
| Dewey Decimal Classification | IMU Chennai Uthandi Library | IMU Chennai Uthandi Library | General Stacks | 28/10/2025 | M/s.Sterling Book House; INV/4875 Dt.06.10.2025 | 1150.00 | 343.096 MAH | 23956 | 28/10/2025 | 28/10/2025 | Books | |||||
| Dewey Decimal Classification | IMU Chennai Uthandi Library | IMU Chennai Uthandi Library | General Stacks | 28/10/2025 | M/s.Sterling Book House; INV/4875 Dt.06.10.2025 | 1150.00 | 343.096 MAH | 23957 | 28/10/2025 | 28/10/2025 | Books | |||||
| Dewey Decimal Classification | IMU Chennai Uthandi Library | IMU Chennai Uthandi Library | General Stacks | 28/10/2025 | M/s.Sterling Book House; INV/4875 Dt.06.10.2025 | 1150.00 | 343.096 MAH | 23958 | 28/10/2025 | 28/10/2025 | Books | |||||
| Dewey Decimal Classification | IMU Chennai Uthandi Library | IMU Chennai Uthandi Library | General Stacks | 28/10/2025 | M/s.Sterling Book House; INV/4875 Dt.06.10.2025 | 1150.00 | 343.096 MAH | 23959 | 28/10/2025 | 28/10/2025 | Books |